00659nam a2200229 a 4500001001300000003000900013005001700022008004100039020001000080082001600090100001700106245002000123260004700143300000900190500003500199650001700234700001700251902000800268942000700276952012900283999001700412nice12345678IN_TiNIC20260116014750.0071218s2008 newa grp 000 0 eng  ac90000a297.5bANS1 aAnsari, Amir aEthics in Islam aNew Delhi bCyber Tech Publications c2008 a264p aincludes index and biblioraphy aIslam-Ethics1 aAnsari, Amir bSRS cBK 001040708StackRoom-aHMIbHMId2012-11-14g900.00l1o297.5 ANS1p022181r2022-02-07s2015-12-10v900.00w2007-12-18yBK c16849d16849